000 00609nam a2200205 i 4500
001 317341
005 20240322050446.0
008 750701s1975 nyu b 001 0 eng
020 _a0679302840
_a067930276X
040 _aDLC
_cDLC
_dDLC
082 0 0 _a324.623.
_222
_bTHE.
100 1 _aFreeman, Jo.
245 1 4 _aThe politics of women's liberation :
_ba case study of an emerging social movement and its relation to the policy process /
_cJo Freeman.
260 _aNew York :
_bMcKay,
_c1975.
300 _a46 P.,
500 _aIncludes index.
650 0 _aFeminism
650 0 _aWomen's rights
942 _cL
999 _c601
_d601